000 00385nam a2200157Ia 4500
008 210716s2012 xx 000 0 und d
020 _a9788130918709
041 _aeng
082 _a657.42 SIKT
100 _aSikka, T R.
245 _aFundamentals of cost accounting.
250 _a7
260 _aNew Delhi
_bViva Books
_c2012
300 _aviii,1250
650 _aCost Accounting
999 _c207141
_d207141